| 000 | 01787cam a22003491ia4500 | ||
|---|---|---|---|
| 003 | SA-RiAUC | ||
| 005 | 20241022130850.0 | ||
| 008 | 241022s1979 le g b 00000bara c | ||
| 040 |
_aSA-RiAUC _bara _cSA-RiAUC _erda |
||
| 082 | 0 | 4 |
_a239 _qSA-RiAUC |
| 090 |
_a239 _b ا ب ن ق |
||
| 100 | 1 |
_aابن قيم الجوزية، محمد بن أبي بكر بن أيوب، _d691-751 هجري _eمؤلف. |
|
| 245 | 1 | 0 |
_aزاد المعاد في هدي خير العباد / _cابن قيم الجوزية ؛ حقق نصوصه وخرج أحاديثه وعلق عليه شعيب الأرناؤوط، عبد القادر الأرناؤوط. |
| 250 | _aالطبعة الأولى. | ||
| 264 | 1 |
_aبيروت : _aالكويت : _bمؤسسة الرسالة ؛ _bمكتبة المنار الإسلامية، _c1979 |
|
| 300 |
_a5 مجلد ؛ _c25 سم |
||
| 336 |
_aنص _btxt _2rdacontent _3كتاب |
||
| 337 |
_aبدون وسيط _bn _2rdamedia |
||
| 338 |
_aمجلد _bnc _2rdacarrier |
||
| 504 | _aيشتمل على إرجاعات ببليوجرافية. | ||
| 600 | 0 | 7 |
_aمحمد (صلى الله عليه وسلم)، _d53 قبل الهجرة-11 هجري _2aucnm |
| 650 | 7 |
_aالسيرة النبوية _2aucsh |
|
| 650 | 7 |
_aأخلاق الرسول _2aucsh |
|
| 650 | 7 |
_aهجرة الرسول _2aucsh |
|
| 700 | 1 |
_aالأرناؤوط، شعيب، _d1928-2016 _eمحقق. |
|
| 700 | 1 |
_aالأرناؤوط، عبد القادر، _d1928-2004 _eمحقق. |
|
| 700 | 1 |
_iتحقيق لـ (عمل) : _aابن قيم الجوزية، محمد بن أبي بكر بن أيوب، _d691-751 هجري. _tزاد المعاد في هدي خير العباد |
|
| 942 |
_2ddc _cBOOK _n0 |
||
| 949 |
_aSA-JeALM _d241022 _ueid123 _n1 |
||
| 999 |
_c1589 _d1589 |
||